000
00305nam a2200121Ia 4500
005
20260328101513.0
008
260328s9999||||xx |||||||||||||| ||und||
100
_a
Friedman, Yona
245
0
_a
Hacia una Arquitectura CientÃfica /
_c
Yona Friedman
300
_a
194 p.
650
_a
ARQUITECTURA
942
_c
BK
999
_c
9280
_d
9280